000 01685nam a2200289Ia 4500
005 20171013111543.0
008 130821s1932 fr fr 1 fre
040 _aCo-BoUCM
_bspa
_cSandra Yazo
_dSandra Yazo
041 0 _afre
082 0 4 _a371.8
_220
092 _aE44N037
100 1 _aBinet, Alfred
_d1857-1911
_987725
242 0 0 _aConceptos modernos sobre los niños
_cAlfredo Binet
_yspa
245 1 0 _aLes idées modernes sur les enfants
_cAlfred Binet
260 _aParís (Francia)
_bErnest Flammarion [Ernesto Flammarion]
_c1932
300 _a348 páginas
_c18 x 12 cm.
490 _aBibliothèque de philosophie scientifique [Biblioteca de filosofía científica]
500 _aDetalles físicos: Encuadernación rígida (holandesa) en cartón duro forrado en papel jaspeado con lomo en tela con adornos en dorado. Conserva guardas, hoja de cortesía y anteportada. Portada sencilla impresa a una sola tinta, con diferentes tipos de letra. Texto impreso en una sola columna. Notas de pie de página. Papel manchado. Márgenes amplios. Algunas tablas entre el texto (Págs. 57, 76, 77, 183)
505 0 _aPropósito de este libro ; El niño en la escuela ; El cuerpo del niño ; Visión y audición ; La inteligencia: medida y educación ; La memoria ; Las aptitudes ; La pereza y la educación moral ; Dos palabras de conclusión
506 _aConsulta en sala
546 _aTexto en francés
650 7 _aEducación de niños
_913801
650 7 _aEscuelas
_914818
690 _aTeoría de la educación
_925273
856 4 1 _uhttp://gallica.bnf.fr/ark:/12148/bpt6k679262
_zDisponible en línea edición de 1909
942 _cLIBRO
_e1
_2LOCAL
_hE44N037
999 _c307665
_d307665